| 000 | 00878nam a22002777a 4500 | ||
|---|---|---|---|
| 001 | BR6900670 | ||
| 003 | BR-BrBNA | ||
| 005 | 20230928083547.0 | ||
| 007 | ta | ||
| 008 | 230509b bl.||||| |||| 00| 0 por d | ||
| 040 |
_aBR-BrBNA _bpor _cBiblioteca Nacional de Agricultura |
||
| 041 | _a(Por) | ||
| 072 |
_aF00 _b0180 _b/G514 |
||
| 090 | _ 0180 BR6900670 | ||
| 110 | 1 |
_aInstituto de Pesquisa Agropecuaria do Sul, Cacador, SC (Brasil). Estacao Experimental de Rio Cacador _96095 |
|
| 245 | 1 | _aCircular trigo - 69. Recomendacoes de variedades e epocas de plantio para o estado de Santa Catarina [Triticum spp., Brasil] | |
| 260 | 3 |
_aCacador, SC (Brasil): _c1969. |
|
| 300 | _a7 p. | ||
| 650 | _aTRIGO | ||
| 650 | _aVARIEDADE | ||
| 650 | _aPLANTIO | ||
| 650 | _aCALENDARIO AGRICOLA | ||
| 650 | _aSANTA CATARINA | ||
| 909 |
_a202309 _bLucia _c55 _dLucia Elande |
||
| 942 | _cBK | ||
| 999 |
_c14176 _d14176 |
||